Responsabilidade contratual e extracontratual Contrastes e convergn̊cias no direito civil contemporńeo /

Detalles Bibliográficos
Autor principal: Do Rg̊o Monteiro Filho, Carlos Edison
Formato: eBook
Lenguaje:portugués
Publicado: Rio de Janeiro: Editora Processo, 2016
Materias:
Acceso en línea:Acceso restringido

MARC

LEADER 00000nam a22000007a 4500
005 20220817221726.0
007 cr|||| ||||
008 220817s2016 br |||||s|||| 00||0 por d
020 |a 978-857147-956-2 
035 |a 36855 
040 |a vLex 
090 |c 13733  |d 13733 
100 1 |a Do Rg̊o Monteiro Filho, Carlos Edison 
245 1 0 |a Responsabilidade contratual e extracontratual  |h [Recurso electrn̤ico] :  |b Contrastes e convergn̊cias no direito civil contemporńeo /  |c Carlos Edison Do Rg̊o Monteiro Filho 
256 |a Servicio en ln̕ea 
260 |a Rio de Janeiro:  |b Editora Processo,  |c 2016 
300 |a 1 recurso electrn̤ico 
500 |a Muito embora a matriz normativa bs̀ica da responsabilidade civil brasileira – contratual e extracontratual – se encontre segmentada em dois setores prp̤rios do Cd̤igo Civil, encontram-se implc̕itos diversos pontos de convergn̊cia entre os regimes legais das duas espčies de responsabilidade. O tratamento normativo conferido pelo Cd̤igo Civil, se estremou as espčies em locais distintos, nô as apartou em definitivo, como se constata pelo grande nm︢ero de registros de identidade de disciplina. Dos contrastes e convergn̊cias indicados nos capt̕ulos iniciais desta obra surgem importantes reflexe̳s acerca de tô inquietante tema para a doutrina e para a prt̀ica forense brasileira, tais como as atinentes ao dano moral contratual, ̉lesô estťica e, no ḿbito do Direito do Consumidor, ̉chamada lesô ao tempo do consumidor. Diante da topografia legal posta – a aparentar divisô estruturalmente rg̕ida, mas que, a rigor, pouco parece esclarecer –, cumpre ̉doutrina o dever de realizar a ponderaȯ̂ entre as diferenȧs e semelhanȧs das disciplinas contratual e extracontratual, a fim de captar o fenm̥eno funcionalmente em toda profundidade e extensô, a fomentar assim o desenvolvimento de sistema de reparaȯ̂ de danos coerente e afinado com os valores supremos do ordenamento. 
506 1 |a Disponible solo en los productos indicados  |d vLex Global  |d vLex Global (Academic Edition, excluding Law Schools)  |d vLex Global (U.S. Academic Edition, Law Schools)  |d vLex Global (U.S. Academic Edition, excluding Law Schools)  |d vLex Global (Academic Edition, Law Schools) 
650 0 4 |a Derecho Civil  |z Brasil 
740 0 |a vLex Libros (Servicio en ln̕ea) 
856 4 0 |u https://app.vlex.com/#/sources/36855  |z Acceso restringido 
942 |c BOOK 
999 0 |a Civil Law